Logos that start with B - Statistics

General Stats
  • This quiz has been taken 27 times
  • The average score is 10 of 16
Answer Stats
Picture Answer % Correct
BMW
100%
Burger King
100%
BIC
96%
Bentley
92%
BP
88%
Bacardi
85%
Baskin-Robbins
81%
Beats
81%
Budweiser
81%
Bing
46%
Bugatti
42%
Burberry
35%
Billabong
31%
Braun
23%
Balenciaga
19%
Britannica
15%
No matching quizzes found
Score Distribution
Percent of People with Each Score
Percentile by Number Answered
Your Score History
You have not taken this quiz